000
00246pam a2200133 a 4500
020
_c
041
_h
100
_a
Shobha Hebber
245
_a
Priya the Parrot
260
_c
1993
300
_a
38
653
_a
Natural History
930
_a
928
999
_c
246781
_d
246781